Singapore Groups of Five - Statistics

General Stats
  • This quiz has been taken 33 times
  • The average score is 28 of 84
Answer Stats
Hint Answer % Correct
Polytechnics Singapore Polytechnic
97%
Polytechnics Ngee Ann Polytechnic
87%
Rivers that converge at Marina Barrage Singapore River
87%
Polytechnics Temasek Polytechnic
87%
Polytechnics Nanyang Polytechnic
84%
MRT lines (as of 2019) Circle Line
81%
MRT lines (as of 2019) Downtown Line
77%
MRT lines (as of 2019) East-West Line
77%
Non-Tamil Indian Languages Hindi
77%
MRT lines (as of 2019) North-South Line
77%
Polytechnics Republic Polytechnic
77%
Community Development Council Districts North East
68%
MRT lines (as of 2019) North East Line
68%
Pillars of Total Defence Psychological Defence
68%
Current and former names for Singapore Temasek
68%
Air bases Changi Air Base (East)
65%
Air bases Changi Air Base (West)
65%
Community Development Council Districts North West
65%
Pillars of Total Defence Social Defence
65%
Air bases Paya Lebar Air Base
61%
Community Development Council Districts Central
58%
Stars on the flag (national ideals) Justice
58%
Community Development Council Districts South East
58%
Community Development Council Districts South West
58%
Pillars of Total Defence Civil Defence
55%
Stars on the flag (national ideals) Equality
55%
Five Cs of Singapore Car
52%
Pillars of Total Defence Military Defence
52%
Stars on the flag (national ideals) Democracy
48%
Stars on the flag (national ideals) Peace
48%
Air bases Tengah Air Base
48%
Pillars of Total Defence Economic Defence
45%
Stars on the flag (national ideals) Progress
45%
Non-Tamil Indian Languages Punjabi
45%
Five Cs of Singapore Condominium
42%
Five Cs of Singapore Credit card
42%
Non-Tamil Indian Languages Urdu
42%
Five Cs of Singapore Cash
39%
Rivers that converge at Marina Barrage Kallang River
35%
Non-Tamil Indian Languages Bengali
32%
Five Cs of Singapore Country club
29%
Non-Tamil Indian Languages Gujarati
29%
Air bases Sembawang Air Base
26%
Current and former names for Singapore Shonanto
26%
Community hospitals Yishun Community Hospital
26%
Community hospitals Sengkang Community Hospital
23%
Shared Values Community support, and respect for the individual
16%
Community hospitals Jurong Community Hospital
16%
ASEAN founding fathers S. Rajaratnam
16%
Mayors Denise Phua
13%
ASEAN founding fathers Adam Malik
10%
Rivers that converge at Marina Barrage Geylang River
10%
Community hospitals Outram Community Hospital
10%
Current and former names for Singapore Pulau Ujong
10%
Arts House Limited arts venues Victoria Theatre & Concert Hall
10%
ASEAN founding fathers Abdul Razak
6%
Mayors Desmond Choo
6%
Shared Values Family as the basic unit of society
6%
Mayors Low Yen Ling
6%
ASEAN founding fathers Narciso Ramos
6%
Shared Values Nation before community, and society above self
6%
Shared Values Racial and religious harmony
6%
Rivers that converge at Marina Barrage Stamford Canal
6%
ASEAN founding fathers Thanat Khoman
6%
Arts House Limited arts venues The Arts House
6%
Video games showcasing Singapore Battlefield 4
3%
Community hospitals Bright Vision Hospital
3%
Video games showcasing Singapore Call of Duty: Black Ops II
3%
2020 budget themes Care
3%
Shared Values Consensus, not conflict
3%
Video games showcasing Singapore Formula One
3%
Mayors Mohamad Maliki Osman
3%
Rivers that converge at Marina Barrage Rochor Canal
3%
Mayors Teo Ho Pin
3%
Arts House Limited arts venues Aliwal Arts Centre
0%
2020 budget themes Build
0%
Video games showcasing Singapore Deus Ex: Human Revolution
0%
Arts House Limited arts venues Drama Centre
0%
Arts House Limited arts venues Goodman Arts Centre
0%
2020 budget themes Grow
0%
Video games showcasing Singapore Need for Speed (intro)
0%
2020 budget themes Secure
0%
Current and former names for Singapore Silat-po
0%
2020 budget themes Together
0%
No matching quizzes found
Score Distribution
Percent of People with Each Score
Percentile by Number Answered
Your Score History
You have not taken this quiz